| 000 | 01363cam a22002174a 4500 | ||
|---|---|---|---|
| 005 | 20250605164217.0 | ||
| 008 | 250528s ||||||||||||||||||||||||d | ||
| 035 | _a20526 | ||
| 020 | _a521367131 | ||
| 040 |
_aGR-AtMCL _bgre _dGR-AtMCL _eAACR2 |
||
| 245 | 1 | _aThe National Question in Europe in Historical Context | |
| 250 | _a1st | ||
| 260 |
_bCambridge University Press, _c1993 |
||
| 300 | _a348 | ||
| 520 | _aThe purpose of this book is to bring together comparative, national and interdisciplinary approaches to the history of great movements in the development of human thought and action. Acknowledgements, Introduction, The British Isles: Celt and Saxon, The Making of the French Nation, The National Question in Italy, The Roots of the National Question in Spain, Shifting Nationalism: Belgians and Flemings and Walloons, The Nation in German History, Nationalism and Nation-State in Germany, The National Identity of the Austrians, The Czachs, The National Question in Hungary, The Union of Dalmatia with Northern Croatia: A Crucial Question of the Croatian National Integration in the Nineteenth Century, The National Question in Poland in the Twentieth Century, Finland: From Napoleonic Legacy to Nordic Co-Operation, Index. | ||
| 700 | 1 |
_aPorter Roy _96513 |
|
| 700 | 1 |
_aTeich Mikulas _96514 |
|
| 942 | _cBK | ||
| 999 |
_c5625 _d5625 |
||